00313nam a2200133Ia 45000030006000000080041000060400015000471000022000622450025000842600037001093000006001465460010001520050017001620STCL150530s9999 xx 000 0 und d aSTCLcSTCL aKamta Prasad Guru aMadya Hindi Vyakaran bNagari Placharini Sabakashc1961 a0 aHindi20220125171317.0